Statystyki dla Mieszkańcy gminy Zduńska Wola

Kliknij tutaj aby rozwiązać quiz!

Ogólne statystyki

  • Ten quiz został rozwiązany 13 razy
    (3 od ostatniego zresetowania)
  • Średni wynik to 6 z 40

Statystyki odpowiedzi

Liczba mieszkańcówMiejscowość% Poprawnych
221Janiszewice
67%
214Rębieskie
67%
262Biały Ług
33%
1690Czechy
33%
200Gajewniki
33%
165Gajewniki-Kolonia
33%
301Henryków
33%
317Karsznice
33%
245Krobanów
33%
21Krobanówek
33%
202Maciejów
33%
340Michałów
33%
242Ostrówek
33%
752Wojsławice
33%
101Zborowskie
33%
92Andrzejów
0%
273Annopole Nowe
0%
165Annopole Stare
0%
118Beniaminów
0%
90Dionizów
0%
663Izabelów
0%
254Izabelów Mały
0%
86Karolew
0%
94Kłady
0%
463Korczew
0%
36Laskowiec
0%
113Mostki
0%
478Ochraniew
0%
346Ogrodzisko
0%
542Opiesin
0%
484Piaski
0%
233Polków
0%
199Poręby
0%
333Pratków
0%
81Rębieskie-Kolonia
0%
386Suchoczasy
0%
755Tymienice
0%
190Wólka Wojsławska
0%
301Wymysłów
0%
218Zamłynie
0%

Rozkład punktacji

Percentyl według liczby udzielonych odpowiedzi

Procent ludzi z każdym wynikiem

Twoja historia wyników

Nie rozwiązałeś tego quizu od ostatniego zresetowania